Missing Word: Vigilante Movies Quiz Stats

 Plays Quiz Updated Jun 21, 2016

Challenge
Share
Tweet
Embed
Score 0/20 Timer 03:00
0 Plays Today
Film Word % Correct
The ____ KnightDark
97.3%
Taxi ______Driver
96.2%
Law _______ CitizenAbiding
87.2%
___ for an ___Eye
81.1%
____-AssKick
80.3%
I ____ on Your GraveSpit
77.6%
___ on FireMan
75.9%
Sudden ______Impact
75.6%
___ CitySin
72%
Death ____Wish
69.8%
Film Word % Correct
_____ SentenceDeath
67.8%
The Boondock ______Saints
64.3%
Walking ____Tall
60.5%
The Brave ___One
57.8%
____ BrothersFour
47.2%
____ WickJohn
46.5%
Righteous ____Kill
26.9%
Hobo with a _______Shotgun
20.6%
____ of DarknessEdge
19.7%
Harry _____Brown
10.1%

Today's Daily Dose

You're not logged in!

Compare scores with friends on all Sporcle quizzes.
Join for Free
OR
Log In

You Might Also Like...

Show Comments

Extras

Top Quizzes Today


Score Distribution

Your Account Isn't Verified!

In order to create a playlist on Sporcle, you need to verify the email address you used during registration. Go to your Sporcle Settings to finish the process.

Report this User

Report this user for behavior that violates our Community Guidelines.

Details: